01501nam a2200361 a 4500001001000000003000500010005001700015008004100032010001100073011001100084040000900095090001000104100003800114245013800152260004100290500006000331502007700391590004100468590004000509590004000549590004000589650003600629650002600665650004300691650003400734856007000768901000700838942001000845942000600855999001900861952011900880952014000999000109959CHAP20220329144110.0140616s2014 mx a |sm |||||||spa d a106421 a107393 cCHAP aTesis1 aIdelfonso Mendoza, Jannet912731310aProducción de lilis para flor de corte en hidropónia, en contenedores de polietilenoh[En línea]cpor Jannet Idelfonso Mendoza. aChapingo, Méx. :bEl autor,c2014. aPara ver el contenido del material haga clic en la liga aTesis (Ing. Agr. Esp. en Fitotecnia) -- UACH. Departamento de Fitotecnia aBATCH-UPDb05c20141002lUCH01h0904 aE5652GLJb05c20140616lUCH01h0949 aE5652GLJb05c20140616lUCH01h0949 aE5652GLJb05c20140616lUCH01h135014aCultivos en invernadero.93037614aFloresxCorte.94136814aFloresxCostos de producción.94137014aLiliumxProducción.9127339 aFinding aiduhttp://10.13.5.2/tesis/sist109959.pdfzTeclea aquí aBK cTESIS n0 c106421d106421 00102local40718TESISaBCbBCd2014-06-16fTESISl0oTesisp33724002409793r2019-12-31 00:00:00w2014-06-16yCD 00102local4053708TESISaBCbBCcPA_TESISd2014-06-16fTESISl0oTesisp33724002409835r2019-12-31 00:00:00tc.2w2019-12-31yTESIS